000 00683nam a2200289Ia 4500
005 20260324130609.0
008 008 260324s9999 xx 000 0 eng d
020 _a9780203060551
037 _aEBOOK
040 _aCRL
040 _beng
040 _cCRL
041 _2eng
041 _aeng
084 _qCRL
100 _aGabriel Moens; Roger Jones
_91178158
245 0 _aInternational Trade and Business Law Review
245 0 _bVolume X
260 _bTaylor and Francis
260 _c2007
365 _a
365 _b330
856 _uhttp://www.taylorfrancis.com/books/9780203060551
942 _cEBOOK
999 _c1778684
_d1778684